[Event "African Individual Chess Championships 2"]
[Site "Safari Hotel, Windhoek, Namibi"]
[Date "2014.12.15"]
[Round "3.6"]
[White "Degondo, Simplice Armel"]
[Black "Adly, Ahmed"]
[Result "0-1"]
[WhiteElo "2177"]
[BlackElo "2591"]
[PlyCount "38"]
[EventDate "2014.12.13"]
[EventRounds "9"]
[EventCountry "NAM"]

1. e4 c6 2. c4 e5 3. Nf3 d6 4. d4 Nd7 5. Nc3 Ngf6 6. Be2 Be7 7. O-O O-O 8. Re1
Re8 9. h3 Bf8 10. Bf1 h6 11. Qc2 a6 12. d5 cxd5 13. cxd5 b5 14. b4 Nb6 15. a4
bxa4 16. Nxa4 Nbd7 17. Nc3 {Move 17 for black noted as Q c8 Not possible
according to board position If you try C 7 & Move 19 black noted as c 8
meaning the bishop at c 8 was moved ,but not noted.} Qc7 18. Qd3 Qb7 19. Rxa6
Rb8 0-1

[Event "African Individual Chess Championships 2"]
[Site "Safari Hotel, Windhoek, Namibi"]
[Date "2014.12.15"]
[Round "3.7"]
[White "Nyambalo, Joseph Xavier"]
[Black "Kayonde, Andrew"]
[Result "1/2-1/2"]
[WhiteElo "2082"]
[BlackElo "2336"]
[PlyCount "127"]
[EventDate "2014.12.13"]
[EventRounds "9"]
[EventCountry "NAM"]

1. e4 c5 2. Nc3 Nc6 3. g3 g6 4. Bg2 Bg7 5. d3 e6 6. Be3 Nd4 7. Qd2 Ne7 8. h4 h5
9. O-O-O Nec6 10. Kb1 Qa5 11. Bxd4 cxd4 12. Nce2 Qb6 13. f4 d6 14. Nf3 a5 15.
Rde1 a4 16. a3 Ra5 17. Ka1 Rb5 18. Rb1 {Move 19 noted as Q A 5 not possible
according to current board position} O-O 19. Bh3 Qa5 20. Qxa5 Rxa5 21. Ng5 Rc5
22. Rbc1 e5 23. Rhf1 Bxh3 24. Nxh3 b5 25. b4 axb3 26. cxb3 Rc8 27. b4 Rxc1+ 28.
Rxc1 Na7 29. Kb2 Rxc1 30. Nxc1 Nc8 31. Nb3 Nb6 32. Kc2 Kf8 33. fxe5 dxe5 34.
Na5 Ke8 35. Ng5 Na4 36. Nf3 Nc3 37. Nh2 Bh6 38. Nf1 Kd7 39. Nb3 Kd6 40. Nc5 Kc6
41. Na6 Bf8 42. Nb8+ Kc7 43. Na6+ Kb7 44. Nc5+ Bxc5 45. bxc5 Kc6 46. Nh2 Kxc5
47. g4 hxg4 48. Nxg4 Kd6 49. Kb3 Nd1 50. Kb4 Nc3 51. Kb3 Ke6 52. Nf2 f5 53. Kb4
Kf6 54. Kc5 Nb1 55. Kxb5 Nxa3+ 56. Kc5 Nb1 57. Kd5 Nc3+ 58. Kd6 Ne2 59. exf5
Kxf5 60. Ne4 Nc3 61. Ng3+ Kf4 62. h5 Nb5+ 63. Ke6 gxh5 64. Nxh5+ {Notation not
clear from here} 1/2-1/2

[Event "African Individual Chess Championships 2"]
[Site "Safari Hotel, Windhoek, Namibi"]
[Date "2014.12.15"]
[Round "3.8"]
[White "Van Den Heever, Donovan"]
[Black "Handjaba, Mclean"]
[Result "1-0"]
[WhiteElo "2286"]
[BlackElo "2033"]
[PlyCount "108"]
[EventDate "2014.12.13"]
[EventRounds "9"]
[EventCountry "NAM"]

1. e4 c5 2. Nf3 g6 3. g3 Bg7 4. Bg2 Nc6 5. O-O Nf6 6. Qe2 d6 7. c3 Bg4 8. h3
Bxf3 9. Qxf3 Rb8 10. Qe2 e5 11. a4 O-O 12. Na3 a6 13. d3 h6 14. Be3 b5 15. axb5
axb5 16. Qd2 Kh7 17. b4 cxb4 18. cxb4 Qd7 19. Nc2 Ne8 20. Ra3 Nc7 21. f4 exf4
22. gxf4 d5 23. f5 gxf5 24. Rxf5 Ne7 25. Rh5 Qe6 26. Ra7 Rbc8 27. Bc5 dxe4 28.
dxe4 Rfd8 29. Qe2 Nc6 30. Ra3 Nd4 31. Nxd4 Bxd4+ 32. Bxd4 Rxd4 33. Rg3 Rg8 34.
Rxg8 Kxg8 35. Qe3 Rd1+ 36. Kh2 Rd6 37. e5 Rb6 38. Qc5 Na6 39. Qd4 Rb8 40. Qf4
Kg7 41. Rf5 Qc4 42. Qg3+ Kh8 43. Rf6 Qc1 44. Rxa6 Rg8 45. Qf2 Qg5 46. Qf6+ Qxf6
47. exf6 h5 48. Ra8 Rxa8 49. Bxa8 Kh7 50. Bc6 Kg6 51. Bxb5 Kxf6 52. h4 Ke5 53.
Be2 Kd4 54. b5 Kc5 {Black Resigned} 1-0

[Event "African Individual Chess Championships 2"]
[Site "Safari Hotel, Windhoek, Namibi"]
[Date "2014.12.15"]
[Round "3.9"]
[White "Chimthere, Alfred Charles"]
[Black "Simoes, Joao"]
[Result "0-1"]
[WhiteElo "2006"]
[BlackElo "2232"]
[PlyCount "37"]
[EventDate "2014.12.13"]
[EventRounds "9"]
[EventCountry "NAM"]

1. d4 d5 2. c4 e6 3. Nf3 Nf6 4. Bf4 c6 5. e3 Qb6 6. Qc2 Bb4+ 7. Nc3 O-O 8. c5
Qa5 9. Bd3 b6 10. cxb6 axb6 11. O-O Ba6 12. Rfc1 Bxd3 13. Qxd3 c5 14. Ne2 c4
15. Qc2 Nc6 16. Ng3 Be7 17. a3 Rfc8 18. h4 Qa4 19. Qe2 {Move 19.Noted as Ng5
only Ng4 Possible Not clear as Notation not accurate based on the board
position} 0-1

[Event "African Individual Chess Championships 2"]
[Site "Safari Hotel, Windhoek, Namibi"]
[Date "2014.12.15"]
[Round "3.11"]
[White "Ameir, Moheb"]
[Black "Mwale, Joseph"]
[Result "1/2-1/2"]
[WhiteElo "2316"]
[BlackElo "2074"]
[PlyCount "46"]
[EventDate "2014.12.13"]
[EventRounds "9"]
[EventCountry "NAM"]

1. e4 e5 2. Nf3 Nc6 3. Bb5 a6 4. Ba4 Nf6 5. O-O b5 6. Bb3 Be7 7. d3 d6 8. c3
O-O 9. Re1 Bb7 10. d4 exd4 11. cxd4 Na5 12. Bc2 c5 13. d5 Re8 14. Nbd2 Nd7 15.
Nf1 Bf6 16. Ne3 Ne5 17. Nxe5 Bxe5 18. Rb1 Bc8 19. Bd2 Bd7 20. a3 Bd4 21. Qh5
Rb8 22. b4 Nc4 23. Bc1 Nb6 {Need to consult both players as their notation not
clear} 1/2-1/2

[Event "African Individual Chess Championships 2"]
[Site "Safari Hotel, Windhoek, Namibi"]
[Date "2014.12.15"]
[Round "3.12"]
[White "Chumfwa, Stanley"]
[Black "Hoareau, Benjamin"]
[Result "1-0"]
[WhiteElo "2356"]
[BlackElo "1853"]
[PlyCount "150"]
[EventDate "2014.12.13"]
[EventRounds "9"]
[EventCountry "NAM"]

1. Nf3 c5 2. e4 Nc6 3. d4 cxd4 4. Nxd4 Qb6 5. Nb3 Nf6 6. Nc3 d6 7. Bg5 Ng4 8.
Qd2 h6 9. Bh4 g5 10. Bg3 Be6 11. Nd5 Bxd5 12. exd5 Nb4 13. a3 Na6 14. Be2 Nf6
15. f3 Nc5 16. Nxc5 Qxc5 17. c4 Bg7 18. Bf2 Qc8 19. O-O Nd7 20. Rac1 Nc5 21.
Qc2 a5 22. b4 axb4 23. axb4 Na4 24. Qb3 O-O 25. Rc2 Qf5 26. Rfc1 Be5 27. Qd3
Qf4 28. g3 Qf6 29. Kg2 h5 30. Be3 h4 31. gxh4 gxh4 32. Kh1 Kh8 33. f4 Bb2 34.
Rxb2 Nxb2 35. Qe4 Qg7 36. Bd4 f6 37. Bxb2 Rg8 38. Bd4 h3 39. Rg1 Qh7 40. Rxg8+
Qxg8 41. Bf1 Qg4 42. Qe3 Qd1 43. Qxh3+ Kg7 44. Qd3 Qe1 45. Qg3+ Qxg3 46. hxg3
Ra4 47. b5 Ra2 48. c5 dxc5 49. Bxc5 Rd2 50. Bxe7 Rxd5 51. Kg2 Rd7 52. Bc5 Rc7
53. Be3 Kf7 54. g4 Kg6 55. Bd3+ Kf7 56. Kf3 Re7 57. b6 Kg7 58. Bc5 Rd7 59. Bf5
Rd5 60. Be3 Rd8 61. Be4 Rd7 62. f5 Kf7 63. Bf4 Kg7 64. Bc7 Kf7 65. Bxb7 Ke7 66.
Bc6 Rd3+ 67. Ke4 Rb3 68. b7 Rb4+ 69. Kd3 Rxb7 70. Bxb7 Kd7 71. Bf4 Ke7 72. g5
fxg5 73. Bxg5+ Kf7 74. Bd2 Ke8 75. f6 Kf8 1-0

[Event "African Individual Chess Championships 2"]
[Site "Safari Hotel, Windhoek, Namibi"]
[Date "2014.12.15"]
[Round "3.13"]
[White "Anquandah, Francis Eric"]
[Black "Magana, Ben"]
[Result "0-1"]
[WhiteElo "1952"]
[BlackElo "2063"]
[PlyCount "42"]
[EventDate "2014.12.13"]
[EventRounds "9"]
[EventCountry "NAM"]

1. e4 e5 2. Nf3 Nc6 3. Bc4 Nf6 4. Ng5 Bc5 5. Bxf7+ Ke7 6. Bd5 Qe8 7. O-O d6 8.
h3 h6 9. Nf3 g5 10. Bxc6 bxc6 11. d4 exd4 12. Nxd4 Kf7 13. c3 Nh5 14. Be3 Nf4
15. Kh2 Kg8 16. Qd2 Bd7 17. Na3 Qh5 18. Nf5 Bxf5 19. Bxf4 gxf4 20. Qxf4 Be6 21.
g4 Qe8 {White resign} 0-1

[Event "African Individual Chess Championships 2"]
[Site "Safari Hotel, Windhoek, Namibi"]
[Date "2014.12.16"]
[Round "4.1"]
[White "Farahat, Ali"]
[Black "Phiri, Richmond"]
[Result "1-0"]
[WhiteElo "2386"]
[BlackElo "2143"]
[PlyCount "76"]
[EventDate "2014.12.13"]
[EventRounds "9"]
[EventCountry "NAM"]

1. e4 c5 2. Nf3 e6 3. d4 cxd4 4. Nxd4 a6 5. Nc3 d6 6. Be2 b5 7. O-O Bb7 8. Re1
Nd7 9. a4 b4 10. Na2 Ngf6 11. Nxb4 Nxe4 12. Bxa6 Bxa6 13. Rxe4 Nc5 14. Re1 Bb7
15. c3 Qd7 16. Qh5 g6 17. Qh3 e5 18. f4 Qxh3 19. gxh3 f6 20. Nb5 Rxa4 21. Be3
Be7 22. Bxc5 Rxa1 23. Rxa1 dxc5 24. Nd5 Bxd5 25. Nc7+ Kf7 26. Nxd5 Ke6 27. c4
Bd6 28. Ra6 exf4 29. Nxf4+ Kf5 30. Rxd6 Kxf4 31. Rxf6+ Ke5 32. Rf3 Kd4 33. b3
Ra8 34. Kg2 Ra2+ 35. Kg3 Rc2 36. Rf4+ Kc3 37. Rf3+ Kb4 38. Rf4 Rc3+ 1-0

[Event "African Individual Chess Championships 2"]
[Site "Safari Hotel, Windhoek, Namibi"]
[Date "2014.12.16"]
[Round "4.2"]
[White "Jere, Daniel"]
[Black "Cawdery, Daniel"]
[Result "1/2-1/2"]
[WhiteElo "2370"]
[BlackElo "2430"]
[PlyCount "69"]
[EventDate "2014.12.13"]
[EventRounds "9"]
[EventCountry "NAM"]

1. c4 Nf6 2. g3 g6 3. Bg2 d5 4. cxd5 Nxd5 5. Nc3 Nb6 6. Nf3 Bg7 7. d3 Nc6 8.
Be3 O-O 9. Qd2 e5 10. Bh6 Qe7 11. h4 f6 12. Be3 Bf5 13. h5 Be6 14. hxg6 hxg6
15. Bh6 g5 16. Bxg7 Kxg7 17. d4 Rfd8 18. Qc2 Bg8 19. dxe5 Nxe5 20. Nxe5 Qxe5
21. Qe4 Qxe4 22. Nxe4 Bd5 23. O-O Re8 24. Nc3 Bxg2 25. Kxg2 c6 26. b3 Kf7 27.
Kf3 Nd7 28. Rh1 Ne5+ 29. Kg2 Kg6 30. Rad1 Nf7 31. g4 Red8 32. Rxd8 Nxd8 33. Kf3
Kf7 34. Ne4 Ne6 35. e3 {Game ended as a draw move 49,but score sheet not clear
as from move 36} 1/2-1/2

[Event "African Individual Chess Championships 2"]
[Site "Safari Hotel, Windhoek, Namibi"]
[Date "2014.12.16"]
[Round "4.3"]
[White "Wanyama, Harold"]
[Black "Van Den Heever, Donovan"]
[Result "1/2-1/2"]
[WhiteElo "2241"]
[BlackElo "2286"]
[PlyCount "60"]
[EventDate "2014.12.13"]
[EventRounds "9"]
[EventCountry "NAM"]

1. e4 c5 2. Nf3 d6 3. d4 cxd4 4. Nxd4 Nf6 5. Nc3 Nc6 6. Bg5 e6 7. Qd2 Be7 8.
O-O-O O-O 9. f3 a6 10. h4 Nxd4 11. Qxd4 b5 12. g4 Bb7 13. Bd3 Rc8 14. Ne2 Nd7
15. Bxe7 Qxe7 16. Ng3 Ne5 17. Be2 Rc6 18. f4 Ng6 19. a3 Rfc8 20. Bd3 e5 21. f5
Nf4 22. Rh2 Qc7 23. Nh5 Nxd3+ 24. Qxd3 Rc4 25. Ng3 Rd4 26. Qe3 Qc5 27. Rxd4
exd4 28. Qd3 Qe5 29. Re2 Qf4+ 30. Kb1 Qxg4 1/2-1/2

[Event "African Individual Chess Championships 2"]
[Site "Safari Hotel, Windhoek, Namibi"]
[Date "2014.12.16"]
[Round "4.4"]
[White "Adly, Ahmed"]
[Black "Fawole, John Oyeyemi"]
[Result "1-0"]
[WhiteElo "2591"]
[BlackElo "2214"]
[PlyCount "69"]
[EventDate "2014.12.13"]
[EventRounds "9"]
[EventCountry "NAM"]

1. d4 Nf6 2. Nf3 e6 3. g3 b6 4. Bg2 Bb7 5. O-O Be7 6. c4 O-O 7. d5 exd5 8. Nh4
Ne4 9. cxd5 Bxh4 10. Bxe4 Bf6 11. Qc2 h6 12. Bf4 d6 13. Nd2 Nd7 14. Rac1 Nc5
15. b4 Nxe4 16. Qxe4 Qd7 17. Qd3 Rfc8 18. Rfd1 Re8 19. e4 a6 20. Nc4 Rad8 21.
f3 Qb5 22. Qb3 Re7 23. Bd2 g5 24. Bc3 Bxc3 25. Qxc3 Qe8 26. Qf6 Qf8 27. Ne3 Bc8
28. g4 Kh7 29. Rd2 Bb7 30. Nf5 Red7 31. h4 gxh4 32. Rh2 Qh8 33. Qxh6+ Kg8 34.
Qg5+ Kf8 35. Rxh4 1-0

[Event "African Individual Chess Championships 2"]
[Site "Safari Hotel, Windhoek, Namibi"]
[Date "2014.12.16"]
[Round "4.6"]
[White "Kigigha, Bomo"]
[Black "Olebile, Thato"]
[Result "1-0"]
[WhiteElo "2291"]
[BlackElo "2207"]
[PlyCount "137"]
[EventDate "2014.12.13"]
[EventRounds "9"]
[EventCountry "NAM"]

1. c4 Nf6 2. Nc3 e6 3. e4 Bb4 4. e5 Ng8 5. Qg4 g6 6. d4 Nc6 7. a3 Bxc3+ 8. bxc3
d5 9. Bg5 Nce7 10. Bd3 c6 11. Ne2 Qc7 12. O-O h5 13. Qf4 b6 14. a4 Nf5 15. a5
bxa5 16. f3 Ba6 17. g4 Nfe7 18. Qd2 dxc4 19. Bc2 hxg4 20. Ng3 gxf3 21. Ne4 Nf5
22. Rxf3 Nge7 23. Nf6+ Kd8 24. Bxf5 gxf5 25. d5 cxd5 26. Nxd5 Qc5+ 27. Ne3+ Ke8
28. Rd1 Nd5 29. Kf1 Bb7 30. Rg3 Rc8 31. Nxd5 Bxd5 32. Bf6 Rh7 33. h4 Kd7 34.
Qf2 Qb6 35. Rxd5+ exd5 36. Qxf5+ Qe6 37. Qxh7 Rb8 38. Qc2 Rb3 39. h5 Kc7 40.
Qf2 d4 41. h6 Qd5 42. Rf3 dxc3 43. Bg5 Rb1+ 44. Kg2 Rb2 45. h7 Qa8 46. Kg1 Rxf2
47. Kxf2 Qh8 48. Rxf7+ Kc6 49. Bf6 c2 50. Bxh8 c1=Q 51. Bf6 Qf4+ 52. Kg2 Qg4+
53. Kf2 Qf4+ 54. Kg2 Qg4+ 55. Kh2 Qh5+ 56. Kg3 Qg6+ 57. Kf4 Qh6+ 58. Kf5 Qh5+
59. Ke6 Qg4+ 60. Ke7 Qd7+ 61. Kf8 Qc8+ 62. Ke7 Qd7+ 63. Kf8 Qc8+ 64. Kg7 Qg4+
65. Kf8 Qc8+ 66. Kg7 Qg4+ 67. Kh6 Qf4+ 68. Bg5 Qxf7 69. h8=Q 1-0

[Event "African Individual Chess Championships 2"]
[Site "Safari Hotel, Windhoek, Namibi"]
[Date "2014.12.16"]
[Round "4.7"]
[White "Mwale, Joseph"]
[Black "Klaasen, Calvin Jong"]
[Result "0-1"]
[WhiteElo "2074"]
[BlackElo "2180"]
[PlyCount "98"]
[EventDate "2014.12.13"]
[EventRounds "9"]
[EventCountry "NAM"]

1. e4 c5 2. Nf3 Nc6 3. d4 cxd4 4. Nxd4 e6 5. Be3 a6 6. Be2 Nf6 7. Nc3 Qc7 8.
O-O Bb4 9. Bd3 Ne5 10. Bf4 d6 11. Bxe5 dxe5 12. Nde2 O-O 13. a3 Be7 14. Ng3 g6
15. Qd2 Nd7 16. Rae1 Bf6 17. Qh6 Bg7 18. Qh4 b5 19. Re3 Bb7 20. Kh1 h6 21. Nge2
Qd8 22. Qh3 Qe7 23. Nd1 h5 24. Rg3 Nf6 25. f3 Rae8 26. Ndc3 Nh7 27. f4 exf4 28.
Rxf4 e5 29. Rf1 Ng5 30. Rxg5 Qxg5 31. b4 f5 32. Rb1 Bh6 33. a4 bxa4 34. exf5
gxf5 35. Nxa4 Kh8 36. Nc5 Ba8 37. Bxa6 Qg4 38. Qxg4 fxg4 39. Ng3 e4 40. b5 h4
41. Ne2 Be3 42. Na4 Rf6 43. Ng1 Ref8 44. Re1 Bf2 45. Rb1 h3 46. b6 Bc6 47. b7
Ba7 48. Nc5 e3 49. Nf3 hxg2+ 0-1

[Event "African Individual Chess Championships 2"]
[Site "Safari Hotel, Windhoek, Namibi"]
[Date "2014.12.16"]
[Round "4.8"]
[White "Abrantes, Persson"]
[Black "Nyambalo, Joseph Xavier"]
[Result "1/2-1/2"]
[WhiteElo "1972"]
[BlackElo "2082"]
[PlyCount "23"]
[EventDate "2014.12.13"]
[EventRounds "9"]
[EventCountry "NAM"]

1. d4 Nf6 2. e3 e6 3. Nf3 Bb4+ 4. Bd2 Bxd2+ 5. Nbxd2 d5 6. c3 O-O 7. Bd3 b6 8.
Qc2 Ba6 9. Ne5 Qd6 10. Rc1 c5 11. O-O cxd4 12. exd4 {Need to consult both
players as Notation on both score sheets not clear} 1/2-1/2

[Event "African Individual Chess Championships 2"]
[Site "Safari Hotel, Windhoek, Namibi"]
[Date "2014.12.16"]
[Round "4.9"]
[White "Kayonde, Andrew"]
[Black "Degondo, Simplice Armel"]
[Result "1-0"]
[WhiteElo "2336"]
[BlackElo "2177"]
[PlyCount "66"]
[EventDate "2014.12.13"]
[EventRounds "9"]
[EventCountry "NAM"]

1. d4 d5 2. c4 c6 3. Nc3 Nf6 4. cxd5 cxd5 5. Bf4 Nc6 6. e3 Bf5 7. Nf3 e6 8. Bb5
Rc8 9. Qa4 Qb6 10. Ne5 Be7 11. Bg5 h6 12. Bh4 a6 13. Bxc6+ bxc6 14. O-O g5 15.
Bg3 O-O 16. Rac1 Rfe8 17. h4 c5 18. hxg5 hxg5 19. dxc5 Bxc5 20. Nf3 Be7 21.
Nxg5 Rc4 22. Qb3 Rb4 23. Qd1 Rg4 24. Nh3 Rxg3 25. fxg3 Qxe3+ 26. Kh1 Qxg3 27.
Qf3 Qh4 28. Qf4 Qh7 29. Rf3 Bg6 30. Qa4 Rd8 31. Qxa6 d4 32. Nd1 Nd5 33. Rc8
Rxc8 {Move 34. for black not clear} 1-0

[Event "African Individual Chess Championships 2"]
[Site "Safari Hotel, Windhoek, Namibi"]
[Date "2014.12.16"]
[Round "4.12"]
[White "Magana, Ben"]
[Black "Chimthere, Alfred Charles"]
[Result "1-0"]
[WhiteElo "2063"]
[BlackElo "2006"]
[PlyCount "104"]
[EventDate "2014.12.13"]
[EventRounds "9"]
[EventCountry "NAM"]

1. e4 c5 2. Nf3 e6 3. c3 d5 4. e5 Ne7 5. d4 Nf5 6. Bd3 Nc6 7. dxc5 Bxc5 8. O-O
Be7 9. Re1 g6 10. Nbd2 Ng7 11. Nf1 O-O 12. Ne3 Bd7 13. g3 Qc7 14. h4 Nxe5 15.
Nxe5 Qxe5 16. Nf5 Qxe1+ 17. Qxe1 gxf5 18. Bh6 Bf6 19. Bg5 Bxg5 20. hxg5 f6 21.
gxf6 Rxf6 22. Qe5 Raf8 23. Qf4 Rg6 24. Be2 Ne8 25. Kg2 Bc6 26. Bf3 Nf6 27. Rh1
Ng4 28. Qd4 a6 29. Rh4 Nf6 30. Qf4 Kg7 31. c4 h6 32. Qe5 Kf7 33. cxd5 Nxd5 34.
Kh2 Rf6 35. g4 fxg4 36. Rxg4 Ne7 37. Bxc6 bxc6 38. Qh5+ Ng6 39. Kg1 Kg7 40. Qe5
R8f7 41. b4 Kh7 42. Qe4 e5 43. Qd3 h5 44. Rg3 Kh6 45. Qe3+ Rf4 46. Rf3 h4 47.
a4 R7f5 48. Rxf4 Rxf4 49. Qc5 Rg4+ 50. Kh2 Rf4 51. Kg2 Rg4+ 52. Kh3 Ne7 {Black
lost on time.} 1-0

[Event "African Individual Chess Championships 2"]
[Site "Safari Hotel, Windhoek, Namibi"]
[Date "2014.12.16"]
[Round "4.13"]
[White "Handjaba, Mclean"]
[Black "Botsoe, Koffi"]
[Result "1-0"]
[WhiteElo "2033"]
[BlackElo "1566"]
[PlyCount "69"]
[EventDate "2014.12.13"]
[EventRounds "9"]
[EventCountry "NAM"]

1. e4 e5 2. Nf3 Nc6 3. Bb5 a6 4. Ba4 Nf6 5. O-O d6 6. Re1 Be7 7. c3 O-O 8. h3
h6 9. d4 b5 10. Bc2 Nd7 11. Nbd2 Bg5 12. Nxg5 Qxg5 13. Nf3 Qf6 14. a4 b4 15. d5
Ne7 16. cxb4 Ng6 17. Nh2 Nf4 18. Ng4 Qg6 19. Bxf4 h5 20. Nxe5 Nxe5 21. Bxe5
dxe5 22. Ra3 h4 23. Qd2 f5 24. exf5 Bxf5 25. Rc3 Qd6 26. Rc6 Qe7 27. Bb3 Kh7
28. Qc3 Rab8 29. Rxe5 Qd7 30. Rxc7 Qxa4 31. Rxg7+ Kxg7 32. Re7+ Kh6 33. Qg7+
Kh5 34. Bd1+ Bg4 35. Re5+ 1-0

[Event "African Individual Chess Championships 2"]
[Site "Safari Hotel, Windhoek, Namibi"]
[Date "2014.12.16"]
[Round "4.14"]
[White "Khoa, Goodwill"]
[Black "Anquandah, Francis Eric"]
[Result "1/2-1/2"]
[WhiteElo "1990"]
[BlackElo "1952"]
[PlyCount "142"]
[EventDate "2014.12.13"]
[EventRounds "9"]
[EventCountry "NAM"]

1. Nf3 Nf6 2. d4 e6 3. c4 b6 4. Nc3 Bb7 5. a3 Ne4 6. Bf4 Bd6 7. Bxd6 cxd6 8.
Rc1 O-O 9. e3 f5 10. Bd3 Nxc3 11. Rxc3 Nc6 12. e4 e5 13. d5 Nd4 14. exf5 Nxf5
15. O-O g6 16. Qa4 a6 17. Qb4 a5 18. Qa4 Qc7 19. Rfc1 Kg7 20. Qc2 Qc5 21. Qa4
Rf7 22. b4 axb4 23. Qxb4 Qxb4 24. axb4 Re7 25. Bxf5 gxf5 26. b5 Ree8 27. Kf1
Ra2 28. g3 Kf6 29. R1c2 Ra1+ 30. Ke2 Rea8 31. Rc1 R1a2+ 32. Nd2 Rb2 33. Rb1
Rba2 34. f3 Rc8 35. Rbc1 Rc5 36. Rd3 Rb2 37. Kd1 Ra2 38. h4 h5 39. g4 Rc8 40.
g5+ Kg6 41. Rb1 Rca8 42. Rdb3 Rc8 43. Rc1 Rca8 44. Rc2 Ra1+ 45. Nb1 R8a4 46. f4
Bxd5 47. cxd5 Rxf4 48. Rc7 Rxh4 49. Rxd7 Ra2 50. Rxd6+ Kxg5 51. Re3 Rh1+ 52.
Re1 Rxe1+ 53. Kxe1 Ra1 54. Rxb6 Rxb1+ 55. Ke2 Rb2+ 56. Kd3 Rb4 57. Kc3 Rd4 58.
Rd6 Rd1 59. Kc2 Ra1 60. Ra6 Rg1 61. b6 Rg2+ 62. Kc3 Rg3+ 63. Kc4 Rg1 64. Ra3
Rc1+ 65. Rc3 Rb1 66. Kc5 Kf6 67. Kc6 e4 68. Kc7 Ke5 69. Kc6 Rxb6+ 70. Kxb6 Kxd5
71. Rc5+ Ke6 1/2-1/2

[Event "African Individual Chess Championships 2"]
[Site "Safari Hotel, Windhoek, Namibi"]
[Date "2014.12.17"]
[Round "5.1"]
[White "Cawdery, Daniel"]
[Black "Farahat, Ali"]
[Result "1/2-1/2"]
[WhiteElo "2430"]
[BlackElo "2386"]
[PlyCount "61"]
[EventDate "2014.12.13"]
[EventRounds "9"]
[EventCountry "NAM"]

1. e4 c5 2. Nf3 Nc6 3. d4 cxd4 4. Nxd4 e5 5. Nb5 d6 6. N1c3 a6 7. Na3 Be7 8.
Nc4 b5 9. Ne3 Nf6 10. g3 O-O 11. Bg2 b4 12. Ncd5 Nxd5 13. Nxd5 Bg5 14. O-O Bxc1
15. Rxc1 Be6 16. Qd2 Bxd5 17. exd5 Nd4 18. c3 bxc3 19. bxc3 Qa5 20. Rfd1 Rac8
21. Kh1 Nb5 22. c4 Qxd2 23. Rxd2 Nd4 24. Rb2 Rfd8 25. Rb6 Ne2 26. Rc2 Nd4 27.
Rc1 Ne2 28. Rc2 Nd4 29. Rc1 Ne2 30. Rc2 Nd4 31. Rc1 1/2-1/2

[Event "African Individual Chess Championships 2"]
[Site "Safari Hotel, Windhoek, Namibi"]
[Date "2014.12.17"]
[Round "5.2"]
[White "Wanyama, Harold"]
[Black "Jere, Daniel"]
[Result "1-0"]
[WhiteElo "2241"]
[BlackElo "2370"]
[PlyCount "45"]
[EventDate "2014.12.13"]
[EventRounds "9"]
[EventCountry "NAM"]

1. d4 Nf6 2. c4 g6 3. Nc3 Bg7 4. e4 d6 5. f3 O-O 6. Be3 Nc6 7. Qd2 a6 8. Nge2
Rb8 9. Nc1 e5 10. d5 Nd4 11. Nb3 c5 12. dxc6 bxc6 13. Nxd4 exd4 14. Bxd4 Re8
15. Be2 d5 16. cxd5 Rb4 17. Bc5 Rb7 18. d6 Nd7 19. Bf2 Qa5 20. O-O Qb4 21. Rab1
Re6 22. Bxa6 Rxd6 23. Qc2 1-0

[Event "African Individual Chess Championships 2"]
[Site "Safari Hotel, Windhoek, Namibi"]
[Date "2014.12.17"]
[Round "5.3"]
[White "Solomon, Kenny"]
[Black "Adly, Ahmed"]
[Result "1-0"]
[WhiteElo "2380"]
[BlackElo "2591"]
[PlyCount "70"]
[EventDate "2014.12.13"]
[EventRounds "9"]
[EventCountry "NAM"]

1. d4 d5 2. c4 e6 3. Nc3 Be7 4. Nf3 Nf6 5. Bg5 Ne4 6. Bxe7 Qxe7 7. Qb3 c6 8.
Nxe4 dxe4 9. Nd2 e5 10. d5 f5 11. g4 Nd7 12. gxf5 Nf6 13. dxc6 bxc6 14. Bh3 O-O
15. Rg1 a5 16. O-O-O Ba6 17. Qa3 Qf7 18. Rg5 Bxc4 19. Rdg1 Bxe2 20. Rxg7+ Qxg7
21. Rxg7+ Kxg7 22. Qc3 Kh8 23. Qxe5 Rae8 24. Qc3 a4 25. Nf1 Rd8 26. Ne3 Rd6 27.
Bg4 Bb5 28. Qe5 Rg8 29. Bd1 Kg7 30. Bc2 Kf7 31. Bxe4 Rd7 32. Bxc6 Bxc6 33. Qe6+
Kg7 34. Qxc6 a3 35. bxa3 {Notation Not clear Need to consult both players from
move 36.} Ra7 1-0

[Event "African Individual Chess Championships 2"]
[Site "Safari Hotel, Windhoek, Namibi"]
[Date "2014.12.17"]
[Round "5.4"]
[White "Klaasen, Calvin Jong"]
[Black "Kayonde, Andrew"]
[Result "1-0"]
[WhiteElo "2180"]
[BlackElo "2336"]
[PlyCount "69"]
[EventDate "2014.12.13"]
[EventRounds "9"]
[EventCountry "NAM"]

1. e4 g6 2. d4 Bg7 3. Nf3 d6 4. Nc3 a6 5. a4 Nf6 6. Be2 O-O 7. O-O Bg4 8. Be3
Nc6 9. d5 Nb4 10. a5 e6 11. h3 Bxf3 12. Bxf3 c6 13. Ra4 c5 14. dxe6 Nc6 15.
exf7+ Rxf7 16. Nd5 Nd7 17. Bg4 Nxa5 18. Be6 b5 19. Ra2 Nc4 20. Bxf7+ Kxf7 21.
Bc1 Kg8 22. b3 Ncb6 23. Bb2 Bxb2 24. Rxb2 Nf6 25. Nxb6 Qxb6 26. Rb1 Re8 27. Re1
Qc6 28. f3 Re5 29. Qd2 Kg7 30. Rbd1 Re6 31. Re3 Qb6 32. c4 b4 33. Rd3 Ne8 34.
Rd5 Qd8 35. e5 1-0

[Event "African Individual Chess Championships 2"]
[Site "Safari Hotel, Windhoek, Namibi"]
[Date "2014.12.17"]
[Round "5.5"]
[White "Van Den Heever, Donovan"]
[Black "Kigigha, Bomo"]
[Result "0-1"]
[WhiteElo "2286"]
[BlackElo "2291"]
[PlyCount "62"]
[EventDate "2014.12.13"]
[EventRounds "9"]
[EventCountry "NAM"]

1. d4 Nf6 2. c4 e6 3. Nf3 c5 4. g3 cxd4 5. Nxd4 d5 6. Bg2 e5 7. Nf3 e4 8. Nd4
dxc4 9. Qa4+ Bd7 10. Qxc4 Na6 11. O-O Rc8 12. Qb3 Nc5 13. Qd1 Qb6 14. b3 Be7
15. Bb2 Na4 16. bxa4 Qxb2 17. Nb3 Bxa4 18. N1d2 Qe5 19. Rc1 O-O 20. Nc4 Qh5 21.
Qd2 b6 22. h3 Bd7 23. g4 Bxg4 24. hxg4 Nxg4 25. Rfd1 Qh2+ 26. Kf1 Bh4 27. Qd6
Rfd8 28. Qxh2 Nxh2+ 29. Kg1 Nf3+ 30. exf3 exf3 31. Bf1 h5 {Black Resigned} 0-1

[Event "African Individual Chess Championships 2"]
[Site "Safari Hotel, Windhoek, Namibi"]
[Date "2014.12.17"]
[Round "5.6"]
[White "Phiri, Richmond"]
[Black "Simoes, Joao"]
[Result "0-1"]
[WhiteElo "2143"]
[BlackElo "2232"]
[PlyCount "76"]
[EventDate "2014.12.13"]
[EventRounds "9"]
[EventCountry "NAM"]

1. d4 d5 2. c4 e6 3. Nf3 Nf6 4. Nc3 c6 5. e3 Nbd7 6. Qc2 dxc4 7. Bxc4 b5 8. Bd3
a6 9. e4 h6 10. O-O Bb7 11. e5 Nd5 12. Nxd5 cxd5 13. a4 b4 14. a5 Nb8 15. Nd2
Nc6 16. Nb3 Be7 17. Be3 O-O 18. Qe2 f5 19. exf6 Rxf6 20. f4 Bd6 21. g4 Ne7 22.
Bd2 Bc8 23. Rac1 Ra7 24. g5 Rf8 25. Nc5 Bxc5 26. Rxc5 Nf5 27. Qe5 Raf7 28. Rfc1
Bd7 29. Be2 hxg5 30. fxg5 Nh4 31. Kh1 Rf2 32. Rg1 Ng6 33. Qe3 e5 34. dxe5 Bf5
35. Rg3 Be4+ 36. Kg1 Nxe5 37. Bxb4 Qb8 38. Bc3 Ng4 0-1